Normal view
MARC view
Entry Personal Name
001 - CONTROL NUMBER
- control field: 76557
003 - CONTROL NUMBER IDENTIFIER
- control field: dpl
005 - DATE AND TIME OF LATEST TRANSACTION
- control field: 20250114153148.0
008 - FIXED-LENGTH DATA ELEMENTS
- fixed length control field: 250114|| aca||aabn | a|a d
040 ## - CATALOGING SOURCE
- Original cataloging agency: dpl
- Transcribing agency: dpl
100 ## - HEADING--PERSONAL NAME
- Personal name: Panchu, Sriram
670 ## - SOURCE DATA FOUND
- Source citation: Work cat.: (dpl)208483: Panchu, Sriram , Mediation -Practice and Law:, 2022
